000
00324nam a2200109Ia 4500
008
171211s9999 xx 000 0 und d
245
_a
All About Thailand: Stories, Songs, Crafts and Games for Kids
245
_c
Elaine Russell
260
_c
2016
650
_x
Hobbies
856
_u
http://down.ebook777.com/064/0804844275.pdf
999
_c
350321
_d
350321